| 000 | 00678cam2a220024100 4500 | ||
|---|---|---|---|
| 001 | zam00003726 | ||
| 008 | 951128s1990 xx eng u | ||
| 035 | _a(Sirsi) r21045 | ||
| 035 | _a(MACHINE)SLC. | ||
| 100 | 1 |
_aNoordam, D. _6A82030.1 |
|
| 245 | 1 | 0 | _aIdentification of plant viruses. |
| 260 | _c1990. | ||
| 949 |
_aNOO1-IDE _wlcc _mMAIN _tBOOK _lON-SHELF |
||
| 949 |
_aNOO1-IDE _wlcc _mMAIN _tBOOK _lON-SHELF |
||
| 004 | 21045 | ||
| 591 | _aClass code: AGC 634. | ||
| 591 | _aCourse: Nematology and Virology. | ||
| 591 | _aSchool: S02. | ||
| 591 | _aLecturer: Dr. MBEWE, D.N. | ||
| 591 | _aNumber of Students: 10. | ||
| 900 |
_2MAIN _8NOO1-IDE _c2 |
||
| 909 | _aBook | ||
| 999 |
_c172552 _d172552 |
||